| 000 | 00502nam a2200181Ia 4500 | ||
|---|---|---|---|
| 008 | 191130s1947##################000#0#eng## | ||
| 020 | _a406850356 | ||
| 040 |
_aACL _cACL |
||
| 082 | _a348.4204 BRI | ||
| 245 |
_aThe all England law reports 1947 _cedited by G.F.L. Bridgman |
||
| 260 |
_aLondon _bButterworth & Co _c1947 |
||
| 300 | _a892 p.; 23 cm. | ||
| 650 | _aLaw- Reports | ||
| 700 | _aBridgman, G. F. L | ||
| 990 | _a07c002d5ac10000c4a80cc5c023e8e13 | ||
| 991 | _a391045 | ||
| 999 |
_c300712 _d300712 |
||